000 00850nam a22002657a 4500
001 7931
003 FISKH
005 20250814100851.0
008 250814b cb ||||| |||| 00| 0 eng d
020 _a9781564026668
040 _aFISKH
_beng
_cFISKH
_dFISKH
050 _aPZ8.C8344 B
082 _a821.9
100 _aCowen-Fletcher, Jane
245 _aBaby angels /
_cJane Cowen-Fletcher
260 _aMasschusetts :
_bCandlewick Press,
_c1996
300 _a20 unnumbered pages :
_bcolor illustrations ;
_c26 cm
505 _aa
520 _aBaby begins her day surrounded by angels who keep her out of trouble and make sure that her parents keep her close by when she tries to wander off.
521 8 _a10
_bLexile estimate
521 8 _aa
_bRaz-Plus
650 _aAngels Babies
_vRhyme
942 _2ddc
_cBK
_n0
999 _c7931
_d7931